000 00212nam a2200097Ia 4500
008 220204s9999 xx 000 0 und d
082 _a82-3
_bJON
100 _aJong, Erica
245 0 _aFear of flying
942 _cBK
999 _c32246
_d32246